000
00241nam a2200097Ia 4500
008
230907s9999||||xx |||||||||||||| ||und||
082
_a
681.2
_b
ADV
245
0
_a
Advanced interfacing techniques for sensors /
300
_a
314 p.
942
_c
BK
999
_c
599289
_d
599289